Technological change and management : the John Diebold lectures, 1968-1970 /

Kaydedildi:
Detaylı Bibliyografya
Müşterek Yazar: Harvard University. Graduate School of Business Administration
Diğer Yazarlar: Ewing, David W.
Materyal Türü: Kitap
Dil:English
Baskı/Yayın Bilgisi: Boston : Harvard University, Graduate School of Business Administration, 1970.
Seri Bilgileri:The John Diebold lectures
Konular:
LEADER 01138cam a2200289 a 4500
001 c000278853
003 CARM
005 20080103121436.0
008 720623s1970 mauc 001 0 eng d
010 |a 78125645 
019 1 |a 84467  |z 23876320  |z 45124397  |5 LACONCORD2021 
020 |a 0674872304 
035 |a (OCoLC)354798  |5 LACONCORD2021 
040 |a LC  |b eng  |c LC  |d VCAV  |d XNTU 
050 0 0 |a HD45  |b .T39 
082 0 4 |a 301.243 
245 0 0 |a Technological change and management :  |b the John Diebold lectures, 1968-1970 /  |c David W. Ewing, editor. 
260 |a Boston :  |b Harvard University, Graduate School of Business Administration,  |c 1970. 
300 |a xi, 148 p. :  |b ports. ;  |c 24 cm. 
440 4 |a The John Diebold lectures 
650 0 |a Technological innovations. 
650 0 |a Management. 
700 1 |a Ewing, David W. 
710 2 |a Harvard University.  |b Graduate School of Business Administration 
852 8 |b CARM  |h A1:AL36B0  |i B10264  |p 0456761  |f BK 
999 f f |i f060cc95-8d44-53b9-bf71-a9e468410e98  |s 03314e19-0976-5f45-a3e5-9787a322b0c2 
952 f f |p Can circulate  |a CAVAL  |b CAVAL  |c CAVAL  |d CARM 1 Store  |e B10264  |f A1:AL36B0  |h Other scheme  |i book  |m 0456761